<?xml version="1.0" encoding="UTF-8"?>
<marc:record xmlns:marc="http://www.loc.gov/MARC21/slim">
   <marc:leader>00000nam a2200000 a 4500</marc:leader>
   <marc:datafield ind1="1" ind2=" " tag="100">
      <marc:subfield code="a">Gansel, Dennis</marc:subfield>
      <marc:subfield code="4">aut</marc:subfield>
      <marc:subfield code="e">Verfasser/-in</marc:subfield>
   </marc:datafield>
   <marc:datafield ind1=" " ind2=" " tag="653">
      <marc:subfield code="a">DVD</marc:subfield>
   </marc:datafield>
   <marc:datafield ind1="0" ind2="0" tag="245">
      <marc:subfield code="a">Jim Knopf und die Wilde 13</marc:subfield>
   </marc:datafield>
   <marc:datafield ind1=" " ind2="1" tag="264">
      <marc:subfield code="b">Warner Bros Entertainment GmbH</marc:subfield>
      <marc:subfield code="c">2020</marc:subfield>
   </marc:datafield>
   <marc:datafield ind1="1" ind2=" " tag="520">
      <marc:subfield code="a">Neue Abenteuer warten auf Jim Knopf und Lukas den Lokomotivführer! Nachdem die beiden Freunde den Drachen Frau Mahlzahn besiegt haben, sinnt die Piratenbande "Die Wilde 13" auf Rache. Mit ihren Dampfloks Emma und Molly begeben sich die Lummerländer auf eine gefährliche Reise, auf der auch Jims sehnlichster Wunsch in Erfüllung gehen könnte: Er will endlich die Wahrheit über seine mysteriöse Herkunft ans Licht bringen. Ein Film mit Henning Baum, Solomon Gordon, Anette Frier, Milan Peschel, Uwe Ochsenknecht, Christoph Maria Herbst, Rick Kavanian, Sonja Gerhardt (Quelle: thalia.at)</marc:subfield>
   </marc:datafield>
   <marc:datafield ind1="3" ind2=" " tag="024">
      <marc:subfield code="a">5051890325280</marc:subfield>
   </marc:datafield>
</marc:record>
